[Event "3rd Mersin Open 2018"]
[Site "Mersin"]
[Date "2018.09.10"]
[Round "3.11"]
[White "Aydemir, Sermin Naz"]
[Black "Kaya, Onur"]
[Result "1/2-1/2"]
[WhiteElo "1522"]
[BlackElo "1689"]
[Annotator "NA"]
[PlyCount "119"]
[EventDate "2018.09.09"]
[EventType "swiss"]
[EventCountry "TUR"]
[SourceTitle "playchess.com"]
[Source "ChessBase"]
[SourceQuality "1"]
[TimeControl "5400+30"]

1. g3 {[%emt 0:00:30]} Nf6 {[%emt 0:02:30]} 2. Bg2 {[%emt 0:00:00]} d5 {[%emt 0:00:00]} 3. d3 {[%emt 0:00:00]} c6 {[%emt 0:00:00]} 4. f4 {[%emt 0:00:00]} g6 {[%emt 0:12:30]} 5. Nf3 {[%emt 0:00:00]} Bg7 {[%emt 0:00:30]} 6. O-O {[%emt 0:00:00]} O-O {[%emt 0:00:00]} 7. Nbd2 {[%emt 0:01:00]} Ng4 {[%emt 0:04:00]} 8. Nb3 {[%emt 0:01:30]} Qb6+ {[%emt 0:04:30]} 9. d4 {[%emt 0:00:00]} a5 {[%emt 0:01:30]} 10. a4 {[%emt 0:02:00]} Nd7 {[%emt 0:07:30]} 11. h3 {[%emt 0:01:30]} Ngf6 {[%emt 0:00:00]} 12. g4 {[%emt 0:00:00]} Ne4 {[%emt 0:08:00]} 13. Kh2 {[%emt 0:03:00]} Qc7 {[%emt 0:20:30]} 14. Nfd2 {[%emt 0:14:30]} Nxd2 {[%emt 0:01:30]} 15. Qxd2 {[%emt 0:00:30]} Nf6 {[%emt 0:07:30]} 16. Qe1 {[%emt 0:02:30]} h5 {[%emt 0:05:30]} 17. g5 {[%emt 0:02:30]} Ne8 {[%emt 0:00:30]} 18. Qg3 {[%emt 0:04:30]} Bf5 {[%emt 0:02:39]} 19. c3 {[%emt 0:01:30]} Nd6 {[%emt 0:00:55]} 20. Nd2 {[%emt 0:00:00]} b5 {[%emt 0:03:44]} 21. axb5 {[%emt 0:03:00]} Nxb5 {[%emt 0:00:44]} 22. e4 {[%emt 0:00:00]} dxe4 {[%emt 0:00:30]} 23. Nxe4 {[%emt 0:00:00]} Nd6 {[%emt 0:00:30]} 24. Nc5 {[%emt 0:00:30]} e6 {[%emt 0:00:30]} 25. b3 {[%emt 0:14:30]} Nb7 {[%emt 0:08:09]} 26. Ba3 {[%emt 0:02:30]} Rfb8 {[%emt 0:05:22]} 27. Ne4 {[%emt 0:01:30]} Bf8 {[%emt 0:01:12]} 28. Nf6+ {[%emt 0:08:30]} Kg7 {[%emt 0:00:33]} 29. Bxf8+ {[%emt 0:00:30]} Kxf8 {[%emt 0:00:24]} 30. Qe3 {[%emt 0:01:30]} Nd8 {[%emt 0:01:52]} 31. c4 {[%emt 0:05:30]} Rb4 {[%emt 0:00:30]} 32. d5 {[%emt 0:03:30]} cxd5 {[%emt 0:01:05]} 33. cxd5 {[%emt 0:00:30]} Rab8 {[%emt 0:00:00]} 34. Rac1 {[%emt 0:00:30]} Qd6 {[%emt 0:00:49]} 35. Qc5 {[%emt 0:01:30]} Qxc5 {[%emt 0:00:44]} 36. Rxc5 {[%emt 0:00:00]} exd5 {[%emt 0:00:32]} 37. Bxd5 {[%emt 0:00:00]} Ne6 {[%emt 0:00:38]} 38. Rc4 {[%emt 0:05:30]} Rxc4 {[%emt 0:00:05]} 39. Bxc4 {[%emt 0:00:30]} Nc5 {[%emt 0:00:30]} 40. Re1 {[%emt 0:00:30]} Kg7 {[%emt 0:00:30]} 41. Ne8+ {[%emt 0:00:30]} Kf8 {[%emt 0:00:30]} 42. Nf6 {[%emt 0:00:30]} Kg7 {[%emt 0:00:30]} 43. Ne8+ {[%emt 0:00:30]} Kf8 {[%emt 0:00:32]} 44. Nf6 {[%emt 0:00:30]} Rd8 {[%emt 0:00:47]} 45. Re2 {[%emt 0:01:30]} Ne6 {[%emt 0:00:35]} 46. Kg3 {[%emt 0:04:28]} h4+ {[%emt 0:00:28]} 47. Kxh4 {[%emt 0:02:06]} Nxf4 {[%emt 0:00:00]} 48. Ra2 {[%emt 0:03:42]} Ne6 {[%emt 0:01:33]} 49. Rxa5 {[%emt 0:00:57]} Rd4+ {[%emt 0:00:31]} 50. Ng4 {[%emt 0:02:31]} Rf4 {[%emt 0:01:00]} 51. Kg3 {[%emt 0:01:51]} Rd4 {[%emt 0:00:33]} 52. Rd5 {[%emt 0:06:06]} Rxd5 {[%emt 0:00:25]} 53. Bxd5 {[%emt 0:00:43]} Nxg5 {[%emt 0:00:30]} 54. Nh6 {[%emt 0:00:42]} Be6 {[%emt 0:00:59]} 55. Bxe6 {[%emt 0:00:26]} Nxe6 {[%emt 0:00:30]} 56. Kg4 {[%emt 0:00:31]} Nd4 {[%emt 0:00:35]} 57. Kg5 {[%emt 0:01:34]} Kg7 {[%emt 0:01:06]} 58. Ng4 {[%emt 0:00:28]} Nxb3 {[%emt 0:00:10]} 59. h4 {[%emt 0:00:34]} Nc5 {[%emt 0:01:20]} 60. Ne3 {[%emt 0:00:00]} 1/2-1/2

[Event "3rd Mersin Open 2018"]
[Site "Mersin"]
[Date "2018.09.10"]
[Round "3.12"]
[White "Polat, Ahmet Eren"]
[Black "Mut, Emir"]
[Result "1/2-1/2"]
[WhiteElo "1669"]
[BlackElo "1487"]
[Annotator "NA"]
[PlyCount "92"]
[EventDate "2018.09.09"]
[EventType "swiss"]
[EventCountry "TUR"]
[SourceTitle "playchess.com"]
[Source "ChessBase"]
[SourceQuality "1"]
[TimeControl "5400+30"]

1. e4 {[%emt 0:00:30]} c6 {[%emt 0:01:30]} 2. Nf3 {[%emt 0:00:00]} d5 {[%emt 0:00:30]} 3. exd5 {[%emt 0:00:00]} cxd5 {[%emt 0:00:30]} 4. Ne5 {[%emt 0:00:30]} Nf6 {[%emt 0:03:30]} 5. d4 {[%emt 0:00:30]} h6 {[%emt 0:04:30]} 6. Bd3 {[%emt 0:00:30]} e6 {[%emt 0:00:30]} 7. c3 {[%emt 0:00:30]} Bd6 {[%emt 0:00:30]} 8. f4 {[%emt 0:00:30]} b6 {[%emt 0:14:30]} 9. Nd2 {[%emt 0:00:30]} Bb7 {[%emt 0:00:30]} 10. Qf3 {[%emt 0:01:30]} Nbd7 {[%emt 0:10:30]} 11. O-O {[%emt 0:00:30]} Qe7 {[%emt 0:05:30]} 12. a4 {[%emt 0:02:30]} a6 {[%emt 0:03:30]} 13. Qe2 {[%emt 0:01:30]} g6 {[%emt 0:08:30]} 14. Rf3 {[%emt 0:23:30]} Rg8 {[%emt 0:12:30]} 15. Re3 {[%emt 0:00:30]} Bxe5 {[%emt 0:01:30]} 16. fxe5 {[%emt 0:00:30]} Nh5 {[%emt 0:00:30]} 17. Rf3 {[%emt 0:02:30]} Ng7 {[%emt 0:04:30]} 18. Nf1 {[%emt 0:03:30]} h5 {[%emt 0:01:30]} 19. Re3 {[%emt 0:05:30]} Qh4 {[%emt 0:04:30]} 20. Rg3 {[%emt 0:02:30]} Qd8 {[%emt 0:04:34]} 21. Bh6 {[%emt 0:14:30]} Qc7 {[%emt 0:07:46]} 22. Bg5 {[%emt 0:02:30]} Nb8 {[%emt 0:02:40]} 23. Bf6 {[%emt 0:01:30]} Nc6 {[%emt 0:03:36]} 24. Ne3 {[%emt 0:02:30]} Ne7 {[%emt 0:00:47]} 25. Rf1 {[%emt 0:04:30]} a5 {[%emt 0:01:32]} 26. Bb5+ {[%emt 0:06:30]} Bc6 {[%emt 0:01:29]} 27. Bxg7 {[%emt 0:07:18]} Rxg7 {[%emt 0:00:05]} 28. Rf6 {[%emt 0:00:39]} Ng8 {[%emt 0:00:44]} 29. Rf2 {[%emt 0:08:19]} O-O-O {[%emt 0:00:05]} 30. Rf1 {[%emt 0:01:48]} Kb7 {[%emt 0:00:52]} 31. Rgf3 {[%emt 0:00:46]} Nh6 {[%emt 0:00:40]} 32. Rc1 {[%emt 0:01:21]} Rc8 {[%emt 0:01:00]} 33. Rf2 {[%emt 0:00:53]} Bxb5 {[%emt 0:00:38]} 34. Qxb5 {[%emt 0:00:38]} Qc6 {[%emt 0:00:02]} 35. Qb3 {[%emt 0:00:00]} Nf5 {[%emt 0:00:15]} 36. Nxf5 {[%emt 0:00:00]} gxf5 {[%emt 0:00:04]} 37. Qd1 {[%emt 0:01:02]} Rg5 {[%emt 0:00:03]} 38. Qd2 {[%emt 0:01:07]} Rcg8 {[%emt 0:00:32]} 39. b3 {[%emt 0:01:04]} R8g6 {[%emt 0:00:27]} 40. Rc2 {[%emt 0:00:31]} Rg4 {[%emt 0:01:05]} 41. Qd3 {[%emt 0:00:55]} h4 {[%emt 0:00:46]} 42. Kf1 {[%emt 0:00:19]} Re4 {[%emt 0:00:43]} 43. Rce2 {[%emt 0:00:28]} Rgg4 {[%emt 0:00:53]} 44. Ke1 {[%emt 0:01:17]} Ka7 {[%emt 0:00:33]} 45. Kd2 {[%emt 0:00:45]} Kb7 {[%emt 0:00:04]} 46. Kd1 {[%emt 0:01:30]} Ka7 {[%emt 0:00:38]} 1/2-1/2

[Event "3rd Mersin Open 2018"]
[Site "Mersin"]
[Date "2018.09.10"]
[Round "3.13"]
[White "Aladag, Begum"]
[Black "Menken, Ekin"]
[Result "1-0"]
[WhiteElo "1481"]
[BlackElo "1706"]
[Annotator "NA"]
[PlyCount "111"]
[EventDate "2018.09.09"]
[EventType "swiss"]
[EventCountry "TUR"]
[SourceTitle "playchess.com"]
[Source "ChessBase"]
[SourceQuality "1"]
[TimeControl "5400+30"]

1. e4 {[%emt 0:00:30]} c5 {[%emt 0:00:30]} 2. Nc3 {[%emt 0:00:00]} d6 {[%emt 0:00:30]} 3. g3 {[%emt 0:00:00]} Nc6 {[%emt 0:00:00]} 4. Bg2 {[%emt 0:00:30]} g6 {[%emt 0:00:00]} 5. d3 {[%emt 0:00:30]} Bg7 {[%emt 0:00:30]} 6. Be3 {[%emt 0:00:00]} e6 {[%emt 0:01:30]} 7. Qd2 {[%emt 0:00:00]} Rb8 {[%emt 0:00:30]} 8. Nge2 {[%emt 0:00:30]} Nd4 {[%emt 0:01:30]} 9. Nd1 {[%emt 0:02:30]} b5 {[%emt 0:01:30]} 10. c3 {[%emt 0:03:30]} Nc6 {[%emt 0:04:30]} 11. O-O {[%emt 0:01:30]} Nge7 {[%emt 0:00:30]} 12. Bh6 {[%emt 0:01:30]} O-O {[%emt 0:01:30]} 13. h4 {[%emt 0:02:30]} b4 {[%emt 0:05:30]} 14. h5 {[%emt 0:04:30]} bxc3 {[%emt 0:12:30]} 15. bxc3 {[%emt 0:00:30]} Ba6 {[%emt 0:03:30]} 16. Bxg7 {[%emt 0:03:30]} Kxg7 {[%emt 0:00:30]} 17. Nf4 {[%emt 0:08:30]} Qd7 {[%emt 0:10:30]} 18. h6+ {[%emt 0:12:30]} Kh8 {[%emt 0:04:30]} 19. Ne3 {[%emt 0:03:30]} Ng8 {[%emt 0:00:30]} 20. Nc4 {[%emt 0:06:30]} Ne5 {[%emt 0:07:30]} 21. Nb2 {[%emt 0:10:30]} Nxh6 {[%emt 0:04:30]} 22. Rfb1 {[%emt 0:00:30]} Ng8 {[%emt 0:00:30]} 23. d4 {[%emt 0:02:30]} cxd4 {[%emt 0:00:30]} 24. cxd4 {[%emt 0:00:30]} Nc4 {[%emt 0:00:30]} 25. Nxc4 {[%emt 0:00:30]} Bxc4 {[%emt 0:00:30]} 26. Rb4 {[%emt 0:01:30]} Rfc8 {[%emt 0:05:30]} 27. Rab1 {[%emt 0:00:30]} Rxb4 {[%emt 0:00:30]} 28. Rxb4 {[%emt 0:00:30]} Ne7 {[%emt 0:02:30]} 29. Qb2 {[%emt 0:00:30]} Ba6 {[%emt 0:02:30]} 30. Bh3 {[%emt 0:05:30]} d5 {[%emt 0:02:30]} 31. exd5 {[%emt 0:02:30]} Nxd5 {[%emt 0:00:00]} 32. Nxd5 {[%emt 0:00:00]} Qxd5 {[%emt 0:01:00]} 33. Bg2 {[%emt 0:00:00]} Qd6 {[%emt 0:03:30]} 34. a3 {[%emt 0:03:30]} Kg7 {[%emt 0:03:30]} 35. a4 {[%emt 0:02:30]} Rc4 {[%emt 0:04:39]} 36. d5+ {[%emt 0:01:30]} e5 {[%emt 0:01:30]} 37. Rb8 {[%emt 0:02:52]} Rd4 {[%emt 0:04:41]} 38. Re8 {[%emt 0:03:06]} Rd1+ {[%emt 0:02:59]} 39. Kh2 {[%emt 0:00:07]} Re1 {[%emt 0:00:01]} 40. Qc3 {[%emt 0:03:05]} Re2 {[%emt 0:01:09]} 41. Qf3 {[%emt 0:00:35]} Qd7 {[%emt 0:01:18]} 42. Ra8 {[%emt 0:00:49]} Qc7 {[%emt 0:05:28]} 43. d6 {[%emt 0:03:03]} Qxd6 {[%emt 0:00:56]} 44. Rxa7 {[%emt 0:00:22]} Bc4 {[%emt 0:00:28]} 45. Bf1 {[%emt 0:00:16]} Qc5 {[%emt 0:02:47]} 46. Bxe2 {[%emt 0:01:06]} Qxa7 {[%emt 0:00:30]} 47. Bxc4 {[%emt 0:00:06]} Qd4 {[%emt 0:00:33]} 48. Qxf7+ {[%emt 0:00:32]} Kh6 {[%emt 0:00:25]} 49. a5 {[%emt 0:01:24]} Qd2 {[%emt 0:00:35]} 50. a6 {[%emt 0:00:25]} Qd1 {[%emt 0:00:30]} 51. Qf8+ {[%emt 0:00:46]} Kg5 {[%emt 0:00:29]} 52. Qe7+ {[%emt 0:00:20]} Kh6 {[%emt 0:00:29]} 53. a7 {[%emt 0:00:15]} Qf3 {[%emt 0:00:25]} 54. Qf7 {[%emt 0:02:00]} Qe4 {[%emt 0:00:37]} 55. Bd5 {[%emt 0:00:25]} Qa4 {[%emt 0:00:09]} 56. a8=Q {[%emt 0:00:08]} 1-0

[Event "3rd Mersin Open 2018"]
[Site "Mersin"]
[Date "2018.09.10"]
[Round "3.14"]
[White "Ozcan, Berk"]
[Black "Guvel, Kazim"]
[Result "1-0"]
[WhiteElo "1617"]
[BlackElo "1504"]
[Annotator "NA"]
[PlyCount "71"]
[EventDate "2018.09.09"]
[EventType "swiss"]
[EventCountry "TUR"]
[SourceTitle "playchess.com"]
[Source "ChessBase"]
[SourceQuality "1"]
[TimeControl "5400+30"]

1. e4 {[%emt 0:01:30]} c5 {[%emt 0:00:30]} 2. Nf3 {[%emt 0:00:30]} d6 {[%emt 0:00:00]} 3. d4 {[%emt 0:00:30]} cxd4 {[%emt 0:00:00]} 4. Nxd4 {[%emt 0:00:00]} Nf6 {[%emt 0:01:30]} 5. Nc3 {[%emt 0:00:00]} Nc6 {[%emt 0:00:00]} 6. Bg5 {[%emt 0:00:00]} g6 {[%emt 0:01:00]} 7. Bxf6 {[%emt 0:05:00]} exf6 {[%emt 0:00:30]} 8. Qd2 {[%emt 0:04:30]} Nxd4 {[%emt 0:19:30]} 9. Qxd4 {[%emt 0:00:30]} Bh6 {[%emt 0:01:30]} 10. Bb5+ {[%emt 0:09:30]} Kf8 {[%emt 0:02:30]} 11. O-O {[%emt 0:00:30]} Kg7 {[%emt 0:01:30]} 12. f4 {[%emt 0:08:30]} a6 {[%emt 0:01:30]} 13. Bc4 {[%emt 0:01:30]} Be6 {[%emt 0:04:30]} 14. Rad1 {[%emt 0:11:30]} Bxc4 {[%emt 0:02:30]} 15. Qxc4 {[%emt 0:00:30]} Qb6+ {[%emt 0:01:30]} 16. Qd4 {[%emt 0:30:30]} Qxb2 {[%emt 0:00:30]} 17. Rb1 {[%emt 0:01:30]} Qxc2 {[%emt 0:00:30]} 18. Rf2 {[%emt 0:03:36]} Qxb1+ {[%emt 0:07:30]} 19. Nxb1 {[%emt 0:00:02]} Rhe8 {[%emt 0:00:00]} 20. Nc3 {[%emt 0:00:37]} Rac8 {[%emt 0:00:00]} 21. Nd5 {[%emt 0:03:38]} Re6 {[%emt 0:00:30]} 22. Qd3 {[%emt 0:06:02]} Rc1+ {[%emt 0:03:30]} 23. Rf1 {[%emt 0:00:02]} Rc5 {[%emt 0:00:30]} 24. g3 {[%emt 0:02:40]} b5 {[%emt 0:06:30]} 25. Kf2 {[%emt 0:05:05]} Rc4 {[%emt 0:00:30]} 26. Kf3 {[%emt 0:00:59]} g5 {[%emt 0:00:30]} 27. h3 {[%emt 0:00:15]} Kg8 {[%emt 0:02:30]} 28. Rf2 {[%emt 0:00:45]} Ra4 {[%emt 0:02:30]} 29. Nb6 {[%emt 0:00:41]} d5 {[%emt 0:14:30]} 30. Qxd5 {[%emt 0:01:35]} Ra3+ {[%emt 0:00:30]} 31. Kg2 {[%emt 0:00:10]} Bf8 {[%emt 0:00:30]} 32. Nd7 {[%emt 0:01:09]} gxf4 {[%emt 0:06:30]} 33. gxf4 {[%emt 0:01:31]} Rd6 {[%emt 0:03:29]} 34. Qf5 {[%emt 0:00:02]} Rdd3 {[%emt 0:00:00]} 35. Nxf6+ {[%emt 0:00:20]} Kg7 {[%emt 0:00:04]} 36. Qg5+ {[%emt 0:00:14]} 1-0

[Event "3rd Mersin Open 2018"]
[Site "Mersin"]
[Date "2018.09.12"]
[Round "6.1"]
[White "Shishkin, Vadim"]
[Black "Rasulov, Vugar"]
[Result "1/2-1/2"]
[WhiteElo "2443"]
[BlackElo "2527"]
[Annotator "TA"]
[PlyCount "35"]
[EventDate "2018.09.09"]
[EventType "swiss"]
[EventCountry "TUR"]
[SourceTitle "playchess.com"]
[Source "ChessBase"]
[SourceQuality "1"]

{[%evp 22,23,20,18]} 1. d4 Nf6 2. c4 e6 3. Nc3 c5 4. d5 exd5 5. cxd5 d6 6. Nf3 g6 7. h3 Bg7 8. Bf4 O-O 9. e3 a6 10. a4 Re8 {A61: Modern Benoni: Nf3 without early e4} 11. Be2 Ne4 12. Nxe4 {LiveBook: 21 Games} {Predecessor:} Rxe4 $146 13. Nd2 Rb4 14. O-O Qf6 15. Bd3 Bf5 16. Nc4 Nd7 17. Ra3 Be4 18. Be2 {1-0 (72) Cori Tello,J (2602)-Cordova,E (2602) Montcada 2016} 1/2-1/2

[Event "3rd Mersin Open 2018"]
[Site "Mersin"]
[Date "2018.09.12"]
[Round "6.2"]
[White "Annaberdiev, Meilis"]
[Black "Bagaturov, Giorgi"]
[Result "0-1"]
[WhiteElo "2514"]
[BlackElo "2396"]
[Annotator "TA"]
[PlyCount "128"]
[EventDate "2018.09.09"]
[EventType "swiss"]
[EventCountry "TUR"]
[SourceTitle "playchess.com"]
[Source "ChessBase"]
[SourceQuality "1"]

{[%evp 13,128,10,36,34,34,44,58,19,109,86,126,75,116,116,120,116,105,82,111,41,36,39,50,10,12,16,67,12,11,0,0,0,0,0,0,-14,0,0,0,0,0,0,0,0,0,0,0,0,0,0,0,0,0,0,0,-11,0,-3,-3,-9,-9,-5,0,-8,-8,-8,-8,-8,-8,-8,-8,-29,-29,-29,-29,-22,-13,-76,-76,-76,-76,-76,-77,-371,-333,-502,-462,-564,-497,-454,-181,-181,-29,-29,-3,-3,-3,-3,0,0,-3,-598,-576,-29947,-29945,-29948,-29949,-29937,-29945,-29947,-29951,-29944,-29948,-6646,-6545,-29988,-29989]} 1. d4 Nf6 2. Bf4 e6 3. e3 c5 4. Nf3 Nc6 5. Nbd2 d5 6. c3 {[%cal Bc2c3,Bc3c4][%mdl 32]} Bd6 7. Bg3 Qc7 {LiveBook: 3 Partien. D02: Damenbauernspiele} (7... O-O 8. Bb5 Be7 9. Bd3 b6 10. O-O Bb7 11. h3 Bd6 12. Bh4 Be7 13. Qb1 h6 14. a3 Nh5 15. Bxe7 Qxe7 {½-½ (64) Carlsen,M (2837)-Wang,H (2709) Riadh 2017}) 8. dxc5 Bxg3 9. hxg3 e5 {Weiß steht etwas besser.} 10. Bb5 Bd7 $146 (10... O-O $11 {hält das Gleichgewicht.}) ({Vorgänger:} 10... a6 11. Ba4 O-O 12. Bc2 e4 13. Nd4 Ne5 14. b4 Bg4 15. Qb1 {0-1 (32) Nasybullina,A (2143)-Mukhina,J (2017) Kolomna 2016}) 11. c4 $16 e4 12. Bxc6 (12. cxd5 $142 {Droht stark Sg5.} Nb4 13. Bxd7+ Qxd7 14. Ng5 Nd3+ 15. Kf1 Nxc5 16. Rh4) 12... Qxc6 13. Ne5 Qxc5 14. Nxd7 Nxd7 15. cxd5 Qxd5 16. Qa4 ({Lieber} 16. Rh4 $16) 16... f5 $14 17. Rd1 {Schwarz muss nun Sxe4 beachten.} b5 18. Qb3 (18. Qa3 {feels hotter.} Ne5 19. O-O Rd8 20. f3 Qd6 21. Qc3) 18... Qxb3 $1 19. Nxb3 g6 (19... Ne5 $11) 20. Rd5 (20. Rd6 $14) 20... a6 $1 $11 21. O-O Ke7 22. Rfd1 Nf6 23. Re5+ Kf7 24. Rc5 Rac8 25. Rdc1 Rxc5 26. Rxc5 {[%mdl 4096] Endspiel KTS-KTS} Rd8 {( -> ...Td1+)} 27. Nd4 Rd6 28. Rc7+ Nd7 29. f3 exf3 30. gxf3 Ke7 31. Ra7 Kd8 32. Ra8+ Kc7 33. Re8 Nc5 34. Rh8 h5 35. Rg8 Na4 36. b3 Nc3 37. a3 Nb1 38. Kf2 Nxa3 39. Ke2 b4 40. Re8 Nb5 41. Nxb5+ axb5 {KT-KT} 42. Re5 Kb6 43. e4 fxe4 44. Rxe4 Kc5 45. Ke3 (45. f4 $11 {bleibt in der Remisbreite.}) 45... Rd1 $1 $17 {[%cal Rd1b1]} 46. Re5+ Kb6 $1 {...Tb1 ist eine echte Drohung.} 47. Re6+ {[#]} Ka5 $1 {Droht ...Te1+ und aus.} 48. Rxg6 $2 {[%mdl 8192]} (48. Ke2 $17 {war angesagt.} Rb1 49. Re3) 48... Rb1 $19 49. Kd2 (49. Ke4 $142 Rxb3 50. Rg8) 49... Rxb3 50. Kc2 Rxf3 51. Kb2 Rf2+ $2 (51... b3 52. Ka3 {[#]} b2+ $1 {[%mdl 512]} 53. Kxb2 Ka4) 52. Kb3 Rh2 $2 (52... Rf7 $19 53. Rg8 Rf3+ 54. Kb2 Rf2+ 55. Kb3 Rg2) 53. Rg8 $1 $11 Rh3 54. Ra8+ Kb6 55. Kxb4 Rxg3 {Und weiter mit ...h4 wäre nett.} 56. Rb8+ Kc6 {Und ...h4 würde nun gewinnen.} 57. Rc8+ $2 {[%mdl 8192]} (57. Rb6+ $1 $11 {und Weiss muss sich keine Sorgen machen.} Kd7 58. Rxb5) 57... Kd6 $19 58. Kxb5 h4 {[%cal Bh5h4,Bh4h3][%mdl 32]} 59. Rh8 h3 60. Rh5 Ke6 61. Kc4 Kf6 62. Kd4 Kg6 63. Rh8 Kf5 64. Rh4 Rg4+ {Precision: Weiß = 40%, Schwarz = 54%.} 0-1

[Event "3rd Mersin Open 2018"]
[Site "Mersin"]
[Date "2018.09.12"]
[Round "6.3"]
[White "Iskandarov, Misratdin"]
[Black "Koksal, Ege"]
[Result "1/2-1/2"]
[WhiteElo "2482"]
[BlackElo "2367"]
[Annotator "TA"]
[PlyCount "182"]
[EventDate "2018.09.09"]
[EventType "swiss"]
[EventCountry "TUR"]
[SourceTitle "playchess.com"]
[Source "ChessBase"]
[SourceQuality "1"]

{[%evp 11,182,0,0,0,0,-33,-20,-32,-29,-39,-31,-48,0,0,0,-15,0,-6,-13,-31,0,-4,0,0,0,0,0,0,0,-48,-37,-30,0,0,0,0,5,7,8,6,7,4,11,7,7,6,25,26,45,12,12,0,8,14,6,7,10,0,0,0,0,0,0,0,0,8,34,25,47,8,8,13,9,7,9,0,0,0,0,0,0,0,0,0,0,0,0,0,0,0,0,0,0,0,0,0,0,0,0,0,0,0,0,0,0,0,0,0,0,0,0,0,0,0,0,0,0,0,0,0,0,0,0,0,0,0,0,0,0,0,0,0,0,0,0,0,0,0,0,0,0,0,0,0,0,0,0,0,0,0,0,0,0,0,0,0,0,0,0,0,0,0,0,0,0,0,0,0,0,0,0,0,0]} 1. e4 e5 2. Nf3 Nf6 3. Nxe5 d6 {[%cal Bd7d6,Bd6d5][%mdl 32]} 4. Nc4 Nxe4 5. Qe2 Qe7 6. Ne3 Be6 {LiveBook: 7 Games. C42: Petroff Defence: 3 Nxe5 and unusual White 3rd moves} (6... Nf6 7. b3 Nbd7 8. Bb2 c6 9. g3 g6 10. Bh3 Bg7 11. Nc4 Qxe2+ 12. Kxe2 Ke7 13. Re1 Nb6 14. Kf1+ Be6 {½-½ (56) Mamedov,R (2708)-Rakhmanov,A (2627) Ankara 2018}) 7. Nc3 Nf6 8. d4 d5 $1 {Black is slightly better.} 9. Qd1 $146 ({Predecessor:} 9. g3 g6 10. Bg2 c6 11. O-O Bg7 12. f4 Ne4 13. Nxe4 dxe4 14. f5 Bd7 {1-0 (56) Meiser,M (1568)-Decher,P (1693) Bingen 2008}) 9... Qd7 10. Bb5 c6 11. Bd3 Bd6 (11... c5 $5 {[%cal Rc5d4]} 12. Bb5 Nc6 $15) 12. O-O Qc7 13. h3 O-O 14. Qf3 Nbd7 15. a4 a5 16. b3 Rfe8 17. Ba3 Nf8 18. Bxd6 Qxd6 19. Ne2 Ng6 20. Bxg6 hxg6 21. Qf4 Qxf4 22. Nxf4 Bf5 23. g4 Be4 24. f3 g5 25. Nfg2 Bg6 26. Kf2 Nd7 27. h4 gxh4 28. Rh1 f6 (28... Nf8 {is interesting.} 29. Nxh4 Rad8 30. Rh2 f6 31. Nef5 Bh7) 29. Nxh4 Nf8 30. Rae1 Rad8 31. Nef5 Bxf5 32. gxf5 Rxe1 33. Rxe1 $11 {[%mdl 4096] Endgame KRN-KRN} Kf7 34. Ng2 g6 35. Ne3 gxf5 36. Nxf5 Kg6 37. Ng3 Kf7 38. Rh1 Re8 39. Nf5 {[#] Hoping for Nd6+.} Rd8 40. Ne3 Rd7 {The position is equal.} 41. c3 Ke6 42. Rh8 Kf7 43. f4 Ng6 44. Rh7+ Ke8 45. Rxd7 Kxd7 {KN-KN} 46. Kf3 Ne7 47. Kg4 Ke6 48. f5+ Kf7 49. c4 Kg7 50. Kf4 Kf7 51. c5 Ng8 52. Nc2 Ke7 53. b4 axb4 54. Nxb4 Kd7 55. Nc2 Ke7 56. Ne3 Nh6 57. a5 Ke8 58. Kg3 Ng8 59. Ng2 Ne7 60. Kg4 $1 Kd7 61. Nf4 Ke8 62. Ne6 Kd7 63. Nf8+ Ke8 64. Ng6 {[#] Nxe7 is the strong threat.} Ng8 65. Kh5 Kf7 $1 66. Nf4 {Strongly threatening Ne6.} Ne7 67. Kg4 Ke8 68. Ne6 Kd7 69. Ng7 Kd8 70. Nh5 Ng8 71. Kf4 Kd7 72. Ke3 Kd8 73. Kf3 Kd7 74. Ng3 Ne7 75. Kg4 Ke8 76. Ne2 Kd7 77. Nc1 Ke8 78. Nd3 Kd7 79. Nf4 Ke8 80. Ng6 {aiming for Nxe7.} Ng8 81. Kf4 Kd7 82. Nf8+ Ke8 83. Ne6 Kd7 84. Kf3 Ne7 85. Kg4 Ke8 86. Nc7+ Kd7 87. Na8 Kd8 88. Nb6 Kc7 89. Na4 Kd8 90. Nb2 Kd7 91. Nd1 Ke8 {Precision: White = 67%, Black = 86%.} 1/2-1/2

[Event "3rd Mersin Open 2018"]
[Site "Mersin"]
[Date "2018.09.12"]
[Round "6.4"]
[White "Tarlev, Konstantin"]
[Black "Zor, Alber Kadir"]
[Result "1-0"]
[WhiteElo "2564"]
[BlackElo "2134"]
[Annotator "TA"]
[PlyCount "41"]
[EventDate "2018.09.09"]
[EventType "swiss"]
[EventCountry "TUR"]
[SourceTitle "playchess.com"]
[Source "ChessBase"]
[SourceQuality "1"]

{[%evp 10,41,28,-4,0,0,0,0,184,202,293,264,275,275,322,318,312,314,305,302,475,434,445,445,435,437,746,757,803,800,1021,1031,1014,1008]} 1. d4 d5 2. Nf3 Nf6 {[%cal Bg8f6,Bf6e4,Be4c3][%mdl 32]} 3. Bf4 c5 4. e3 Nc6 5. c3 Qb6 6. Na3 {[%cal Bb1a3,Ba3b5,Bb5c7,Bc7a8][%mdl 32] [#] LiveBook: 14 Partien. Und weiter mit Sb5 wäre nett. D02: Damenbauernspiele} (6. Qb3 c4 7. Qc2 Bf5 8. Qc1 h6 9. h3 e6 10. Nbd2 Be7 11. Be2 Qd8 12. Ne5 Nxe5 13. Bxe5 O-O 14. O-O b5 15. Re1 Ne4 16. Bf3 Ng5 17. Bd1 {½-½ (36) Stupak,K (2573)-Gelfand,B (2729) Tbilisi 2017}) 6... Qxb2 7. Nb5 $1 {Droht stark Tc1.} Ne4 {[%csl Ge4][%cal Rb2f2]} 8. Bg3 $1 {Die Stellung ist ausgeglichen.} a6 $146 (8... Nxg3 $11 9. hxg3 Rb8) ({Vorgänger:} 8... Kd8 9. Rb1 Qxa2 10. Ra1 Qb2 11. Rb1 Qa2 12. Ra1 {½-½ (12) Asis Gargatagli,H (2204)-Oms Fuentes,L (2165) Pontevedra 2004}) 9. Rb1 $18 Qxa2 (9... Qxb5 $142 10. Bxb5 axb5) 10. Nc7+ Kd8 11. Nxa8 {[#] Schwarz muss nun Dc1 beachten.} Nxc3 12. Ra1 Qb2 13. Qc1 Qb4 14. Qd2 cxd4 (14... Ne4 $142 15. Qxb4 Nxb4) 15. Nxd4 {Weiß steht klar auf Gewinn.} e5 16. Nxc6+ bxc6 17. Bd3 e4 (17... Nb5 $142 18. Bxe5 f6) 18. Bc7+ Ke8 19. Ba5 exd3 20. Bxb4 Bxb4 21. Qxd3 1-0